| 000 | 00598nam a22001697a 4500 | ||
|---|---|---|---|
| 005 | 20251108170948.0 | ||
| 008 | 250721s1982 xx 000 0 ara d | ||
| 082 | 1 | 4 | _a546.12/ناك |
| 100 | 1 | _aناكاموتو، كازو | |
| 245 | 1 | 0 | _aأطياف الأشعة تحت الحمراء للمركبات اللاعضوية و التناسقية / |
| 264 | 1 |
_aبغداد : _bوزراة التعليم العالي و البحث العلمي، _c1982. |
|
| 300 | _a400ص | ||
| 650 | 1 | 7 | _aالأشعة |
| 700 | 1 |
_aسلومي، عصام جرجيس _eترجمة |
|
| 942 |
_2ddc _cBK |
||
| 999 |
_c53134 _d53134 |
||